Responsabilidad patrimonial en el régimen de separación de bienes

Gardado en:
Detalles Bibliográficos
Autor Principal: Alvarez Olalla, María Pilar (Author)
Formato: Libro
Idioma:Lingua castelá
Publicado: Pamplona Aranzadi 1996
Series:Colección Monografías Aranzadi, 41
Subjects:
Tags: Engadir etiqueta
Sen Etiquetas, Sexa o primeiro en etiquetar este rexistro!

MARC

LEADER 00000nam a2200000 a 4500
001 UCP1241
003 CL-VaPUC
008 990401e19960000SP |||||||||||||||||spa|d
082 0 4 |a 346.016  |b ALV  |2 21 
100 0 |a Alvarez Olalla, María Pilar  |e author  |9 427190 
245 1 0 |a Responsabilidad patrimonial en el régimen de separación de bienes 
300 |a 523 p 
942 |c BK 
945 |d 19990401 00:00:00  |a aarredon 
260 |a Pamplona  |b Aranzadi  |c 1996 
650 7 |a DERECHO  |2 CL-VaPUC  |9 427191 
650 0 |a Separación de bienes  |9 357529 
650 7 |a MATRIMONIO  |2 CL-VaPUC  |9 427192 
650 0 |a Deudor   |9 385167 
650 0 |a Sociedad conyugal   |9 357527 
650 0 |a Regímenes matrimoniales  |9 357525 
650 7 |a CAPITULACIONES MATRIMONIALES  |2 CL-VaPUC  |9 373869 
650 0 |a Filiación  |9 256647 
583 |a last modification  |c 20130608 01:30:11  |k Rodrigo Vera 
490 0 |a Colección Monografías Aranzadi, 41 
999 |c 279943  |d 279941 
952 |0 0  |1 0  |4 0  |6 346_016000000000000_ALV_1996  |7 0  |8 A  |9 319880  |a BIBDER  |b BIBDER  |d 2019-11-20  |i 3489175  |l 1  |o 346.016 ALV 1996  |p 3489175  |r 2023-01-25  |s 2022-09-13  |w 2019-11-20  |y BK  |k DER